Starting with Hume / (Record no. 119225)
[ view plain ]
| 000 -LEADER | |
|---|---|
| fixed length control field | 01809pam a2200445 a 4500 |
| 001 - CONTROL NUMBER | |
| control field | 10080364 |
| 003 - CONTROL NUMBER IDENTIFIER | |
| control field | ARRUPE |
| 005 - DATE AND TIME OF LATEST TRANSACTION | |
| control field | 20141118020006.0 |
| 008 - FIXED-LENGTH DATA ELEMENTS--GENERAL INFORMATION | |
| fixed length control field | 111020s2012 enk b 001 0 eng |
| 010 ## - LIBRARY OF CONGRESS CONTROL NUMBER | |
| LC control number | 2011043044 |
| 020 ## - INTERNATIONAL STANDARD BOOK NUMBER | |
| International Standard Book Number | 9781847065308 (pbk. : alk. paper) |
| 020 ## - INTERNATIONAL STANDARD BOOK NUMBER | |
| International Standard Book Number | 1847065309 (pbk. : alk. paper) |
| 020 ## - INTERNATIONAL STANDARD BOOK NUMBER | |
| International Standard Book Number | 9781847065292 (hardcover : alk. paper) |
| 020 ## - INTERNATIONAL STANDARD BOOK NUMBER | |
| International Standard Book Number | 1847065295 (hardcover : alk. paper) |
| 020 ## - INTERNATIONAL STANDARD BOOK NUMBER | |
| International Standard Book Number | 9781441121059 (ebook epub) |
| 020 ## - INTERNATIONAL STANDARD BOOK NUMBER | |
| International Standard Book Number | 1441121056 (ebook epub) |
| 020 ## - INTERNATIONAL STANDARD BOOK NUMBER | |
| International Standard Book Number | 9781441142474 (ebook pdf ) |
| 020 ## - INTERNATIONAL STANDARD BOOK NUMBER | |
| International Standard Book Number | 1441142479 (ebook pdf ) |
| 024 ## - OTHER STANDARD IDENTIFIER | |
| Standard number or code | 40021560061 |
| 035 ## - SYSTEM CONTROL NUMBER | |
| System control number | (OCoLC)ocn277203961 |
| 035 ## - SYSTEM CONTROL NUMBER | |
| System control number | (OCoLC)277203961 |
| 035 ## - SYSTEM CONTROL NUMBER | |
| System control number | (NNC)10080364 |
| 040 ## - CATALOGING SOURCE | |
| Original cataloging agency | DLC |
| Language of cataloging | eng |
| Transcribing agency | DLC |
| Modifying agency | BTCTA |
| -- | YDXCP |
| -- | UKM |
| -- | DEBBG |
| -- | NhCcYBP |
| 050 00 - LIBRARY OF CONGRESS CALL NUMBER | |
| Classification number | B1498 |
| Item number | .B76 2011 |
| 082 00 - DEWEY DECIMAL CLASSIFICATION NUMBER | |
| Classification number | 192 |
| Edition number | 23 |
| 300 ## - PHYSICAL DESCRIPTION | |
| Dimensions | 23 cm. |
| 100 1# - MAIN ENTRY--PERSONAL NAME | |
| Personal name | Brown, Charlotte Randall, |
| Dates associated with a name | 1950- |
| 9 (RLIN) | 5578 |
| 245 10 - TITLE STATEMENT | |
| Title | Starting with Hume / |
| Statement of responsibility, etc | Charlotte Randall Brown and William Edward Morris. |
| 260 ## - PUBLICATION, DISTRIBUTION, ETC. (IMPRINT) | |
| Place of publication, distribution, etc | London ; |
| -- | New York : |
| Name of publisher, distributor, etc | Continuum International Pub., |
| Date of publication, distribution, etc | c2012. |
| 300 ## - PHYSICAL DESCRIPTION | |
| Extent | x, 184 p. ; |
| 490 1# - SERIES STATEMENT | |
| Series statement | Starting with-- series |
| 504 ## - BIBLIOGRAPHY, ETC. NOTE | |
| Bibliography, etc | Includes bibliographical references (p. [175]-176) and index. |
| 505 0# - FORMATTED CONTENTS NOTE | |
| Formatted contents note | Life and works -- Philosophical project -- Account of the mind -- Causal inference: skeptical doubts -- Causal inference: a skeptical solution -- The idea of necessary connection -- Liberty and necessity -- Against moral rationalism -- Sympathy and the general point of view -- Justice -- Philosophy of religion -- Further reading. |
| 600 10 - SUBJECT ADDED ENTRY--PERSONAL NAME | |
| Personal name | Hume, David, |
| Dates associated with a name | 1711-1776. |
| 9 (RLIN) | 5579 |
| 700 1# - ADDED ENTRY--PERSONAL NAME | |
| Personal name | Morris, William Edward, |
| Dates associated with a name | 1943- |
| 9 (RLIN) | 5580 |
| 830 #0 - SERIES ADDED ENTRY--UNIFORM TITLE | |
| Uniform title | Starting with... |
| 9 (RLIN) | 5581 |
| 942 ## - ADDED ENTRY ELEMENTS (KOHA) | |
| Source of classification or shelving scheme | Library of Congress Classification |
| Koha item type | Monograph ( Printed materials) |
| Koha issues (borrowed), all copies | 1 |
| 948 1# - LOCAL PROCESSING INFORMATION (OCLC); SERIES PART DESIGNATOR (RLIN) | |
| Series part designator, SPT (RLIN) | 20121128 |
| b (OCLC) | c |
| c (OCLC) | ybp21 |
| d (OCLC) | MPS |
| 949 ## - LOCAL PROCESSING INFORMATION (OCLC) | |
| i | 0073175625 |
| Withdrawn status | Lost status | Source of classification or shelving scheme | Damaged status | Not for loan | Home library | Current library | Shelving location | Date acquired | Total Checkouts | Full call number | Barcode | Date last seen | Date checked out | Price effective from | Koha item type |
|---|---|---|---|---|---|---|---|---|---|---|---|---|---|---|---|
| Library of Congress Classification | ARRUPE LIBRARY | ARRUPE LIBRARY | Main Collection | 12/12/2013 | 8 | B1498 .B76 2011 | 46500000101 | 03/10/2022 | 27/09/2022 | 12/12/2013 | Monograph ( Printed materials) |